000 01884nam a22002537a 4500
999 _c62717
_d62717
003 Ge_BSU
005 20250129171224.0
008 250129s2016 ge ||||| |||| 00| 0 geo d
020 _a9789941227370
041 _ageo
080 _a004.738.5:338.22(075.8) ა-20
100 _aაბულაძე, რატი
_924173
245 _aელექტრონული ბიზნესი :
_b(დამხმარე. სახელმძღვანელო) /
_cრატი აბულაძე, ფიქრია წოწკოლაური; რედაქტორი ვახტანგ სართანია; საქ. საპატრიარქოს წმ. ანდრია პირველწოდებულის სახ. ქართული უნ-ტი, ეკონომიკისა და ბიზნესის მართვის სკოლა (ფაკულტეტი).
264 _aთბილისი :
_bუნივერსალი,
_c2016.
300 _a258 გვ. :
_bცხრ. ;
_c20 სმ.
500 _a თავფურცლის მე-2 გვერდი ინგლ. ენაზე.
504 _aბიბლიოგრ.: გვ. 237-257.
653 _aელექტრონული ბიზნესი
700 _aწოწკოლაური, ფიქრია
_eავტორი
_9574
700 _aსართანია, ვახტანგ
_eრედაქტორი
_924174
710 _aსაქ. საპატრიარქოს წმ. ანდრია პირველწოდებულის სახ. ქართული უნ-ტი.
_bეკონომიკისა და ბიზნესის მართვის სკოლა (ფაკ-ტი).
_924175
773 _tნაჩუქარი
942 _2udc
_cBK